000 00281nam a2200121Ia 4500
008 211105s9999 xx 000 0 und d
020 _aVYASA13061
100 _aMahalingam N
245 0 _aTamilnadu Ke Mandir
250 _a\N
260 _bSahityaShodh sansthan
_c\N
300 _a216p.
999 _c7475
_d7475